000 00349nam a2200157Ia 4500
001 15660
003 Ost
005 20260507155458.0
008 251113s9999||||xx |||||||||||||| ||eng||
040 _cnitttr
041 _aeng
082 _a620.106
_bW583F
100 _aWhite, Frank M.
245 0 _aFluid Mechanics /
_cWhite, Frank M.
942 _cBK
999 _c15518
_d15518